000 00604nam a2200253Ia 4500
005 20260121153847.0
008 008 260114s9999 xx 000 0 eng d
020 _a9780429476334
037 _aEBOOK
040 _aCRL
040 _beng
040 _cCRL
041 _2eng
041 _aeng
084 _qCRL
100 _aNicholas Lewin
_91000022
245 0 _aJung on War, Politics and Nazi Germany
260 _bTaylor and Francis
260 _c2009
856 _uhttp://www.taylorfrancis.com/books/9780429476334
942 _cEBOOK
999 _c1566843
_d1566843